Analysis of repeated measures
Gespeichert in:
| 1. Verfasser: | |
|---|---|
| Format: | Buch |
| Sprache: | Undetermined |
| Schlagworte: | |
| Tags: |
Tag hinzufügen
Keine Tags, Fügen Sie den ersten Tag hinzu!
|
| Thư viện lưu trữ: | Trung tâm Học liệu Trường Đại học Cần Thơ |
|---|
| LEADER | 00385nam a2200145Ia 4500 | ||
|---|---|---|---|
| 001 | CTU_67146 | ||
| 008 | 210402s9999 xx 000 0 und d | ||
| 082 | |a 543 | ||
| 082 | |b C973 | ||
| 100 | |a Crowder | ||
| 245 | 0 | |a Analysis of repeated measures | |
| 245 | 0 | |c Crowder and Hand | |
| 650 | |a chemistry, analytic | ||
| 904 | |i Minh | ||
| 980 | |a Trung tâm Học liệu Trường Đại học Cần Thơ | ||